Ricostruisci la Carriera del Calciatore - Ángel Di María - Statistics

Statistiche generali
  • Questo quiz è stato fatto 81 volte
  • Il punteggio medio è 6 su 7
Statistiche sulle risposte
Hint Risposta % Corretto
2005-2007 Rosario Central
93%
2022-2023 Juventus
89%
2007-2010 Benfica
85%
2023- Benfica
84%
2014-2015 Manchester Utd
78%
2015-2022 Paris Saint-Germain
76%
2010-2014 Real Madrid
75%
Nessun quiz corrispondente trovato
Distribuzione punteggi
Percentuale di utenti per punteggio
Percentile per numero di risposta
I tuoi punteggi nel tempo
Non hai fatto questo quiz